000 00437nam a22001691a 4500
001 6009
003 OSt
005 20260204212036.0
008 060328s1982||||dr ||||||b||||||||||spa||
050 _aRD 863.3 M523l
100 _aDe Mendoza, Diego Hurtado
245 _aEl Lazarillo de Tormes / Diego Hurtado De Mendoza
264 _aSanto Domingo : Central de Libros
300 _a85 p
650 _aNovela EspañolaÌ
942 _2ddc
_cBK
999 _c6009
_d6009